Sociedad y cultura en el porfiriato.

Enregistré dans:
Détails bibliographiques
Auteur principal: González Navarro, Moíses (autor)
Format: Livre
Langue:espagnol
Sujets:
Tags: Ajouter un tag
Pas de tags, Soyez le premier à ajouter un tag!

MARC

LEADER 00000cam^a2200000uu^4500
001 000461958
005 20250521000000.0
008 050901s1994^^^^^^^^^^^^rd^r^^000^0^spa^d
009 20260310124237.091
022 |a 9682958725 
035 |a FCE 000004460 
035 |a FCE 017063 
037 |a Acervo ITESO - Biblioteca 
041 |a spa 
082 0 4 |a 972.052  |b GONs 
100 |a González Navarro, Moíses  |e (autor) 
245 1 0 |a Sociedad y cultura en el porfiriato. 
264 |a México :  |b CNCA,  |c 1994. 
300 |a 326 p. 
336 |a texto  |b txt  |2 rdacontenido 
337 |a sin mediación  |b n  |2 rdamedio 
338 |a volumen  |b nc  |2 rdasoporte 
649 |a XX 
650 |a Historia 
650 |a Cultura 
650 |a Aspecto económico 
650 |a Aspecto social 
650 |a Porfiriato 
650 |a Aspecto político 
650 |a Aspecto cultural 
650 |a Evaluación del docente 
910 |a Fondo Centro de Estudios Educativos 
920 |a Impresos - Libros 
930 |a Fondos Especiales 
905 |a 133 
901 |a ALE017063  |b IT2  |c CEE  |u 20250521 
902 |a https://opac.biblio.iteso.mx/vufind/Record/000461958